书目信息 |
| 题名: |
先进磁性材料手册
|
|
| 作者: | 塞尔米厄 , 刘义 , 沙因多 著 | |
| 分册: | 第4卷 先进磁性材料的性能及应用 | |
| 出版信息: | 北京 清华大学出版社 2005.07 |
|
| 页数: | 448页 | |
| 开本: | 25cm | |
| 丛书名: | 21世纪科技前沿丛书 | |
| 单 册: | ||
| 中图分类: | TM271 | |
| 科图分类: | ||
| 主题词: | 磁性材料--ci xing cai liao | |
| 电子资源: | ||
| ISBN: | 7-302-08924-8 | |
| 000 | 01296nam 2200301 450 | |
| 001 | 012008245749 | |
| 005 | 20080124153801.46 | |
| 010 | @a7-302-08924-8@b精装@dCNY110.00 | |
| 100 | @a20080124d2005 em y0chiy0120 ea | |
| 101 | 0 | @aeng |
| 102 | @aCN@b110000 | |
| 105 | @aa z 000yy | |
| 106 | @ar | |
| 200 | 1 | @a先进磁性材料手册@Axian jin ci xing cai liao shou ce@d= Handbook of advanced magnetic materials@e英文影印版@h第4卷@i先进磁性材料的性能及应用@f著者David J. Sellmyer, Yi Liu, D. Shindo@Fzhu zhe David J.Sellmyer,Yi Liu,D.Shindo@zeng |
| 210 | @a北京@c清华大学出版社@d2005.07 | |
| 215 | @a448页@c图@d25cm | |
| 225 | 2 | @a21世纪科技前沿丛书@A21 shi ji ke ji qian yan cong shu |
| 330 | @a本书的目的是对磁性材料研究的新近进展提供一种全面的理解。本卷收集总结了磁性理论、模拟、结构和性能的测量的最新成果。 | |
| 410 | 0 | @12001 @a21世纪科技前沿丛书 |
| 510 | 1 | @aHandbook of advanced magnetic materials@zeng |
| 517 | 1 | @a先进磁性材料的性能及应用@Axian jin ci xing cai liao de xing neng ji ying yong |
| 606 | 0 | @a磁性材料@Aci xing cai liao |
| 690 | @aTM271@v4 | |
| 701 | 1 | @a塞尔米厄@Asai er mi e@g(Sellmyer, David J.)@4著 |
| 701 | 0 | @a刘义@Aliu yi@4著 |
| 701 | 1 | @a沙因多@Asha yin duo@bD.@g(Shindo, D.)@4著 |
| 801 | 0 | @aCN@bQSSK@c20080124 |
| 905 | @b280343@dTM271@eS010:4@f1 | |
| 先进磁性材料手册= Handbook of advanced magnetic materials:英文影印版.第4卷.先进磁性材料的性能及应用/著者David J. Sellmyer, Yi Liu, D. Shindo.-北京:清华大学出版社,2005.07 |
| 448页:图;25cm.-(21世纪科技前沿丛书) |
| ISBN 7-302-08924-8(精装):CNY110.00 |
| 本书的目的是对磁性材料研究的新近进展提供一种全面的理解。本卷收集总结了磁性理论、模拟、结构和性能的测量的最新成果。 |
| ● |
| 相关链接 |
|
|
|
正题名:先进磁性材料手册
索取号:TM271/S010:4
 
预约/预借
| 序号 | 登录号 | 条形码 | 馆藏地/架位号 | 状态 | 备注 |
| 1 | 280343 | 202803430 | 期刊室512/301自科库 7排3列2层/ [索取号:TM271/S010:4] | 在馆 |